[Event "Championnat de France des Jeunes - Cadet"]
[Site "MONTLUCON"]
[Date "2011.04.24"]
[Round "9.10"]
[White "Harwood, Elisabeth"]
[Black "Ranc, Candice"]
[Result "0-1"]
[WhiteElo "1557"]
[BlackElo "1570"]
[PlyCount "180"]

1. c4 Nf6 2. g3 e5 3. Bg2 Nc6 4. Nc3 Bc5 5. Nf3 d6 6. O-O Be6 7. b3 O-O 8. Bb2
a6 9. e3 Ba7 10. d4 Bf5 11. dxe5 dxe5 12. Qxd8 Raxd8 13. Nh4 Be6 14. Rad1 Rd7
15. Rxd7 Bxd7 16. Rd1 Re8 17. Ne4 Re7 18. Nxf6+ gxf6 19. Ba3 Bg4 20. Bxe7 Bxd1
21. Bxf6 Nb4 22. Bxb7 Nxa2 23. Bxa6 Nb4 24. Bb7 Bxb3 25. Bxe5 c5 26. Nf3 Bxc4
27. Nd2 Bd3 28. Be4 Be2 29. Bf3 Bb5 30. h4 Bb6 31. Kg2 Nd3 32. Bc3 Nc1 33. Kh3
Na2 34. Be5 c4 35. Nb1 Ba5 36. Bd1 Be1 37. f3 c3 38. Bc2 Nb4 39. Bb3 c2 40.
Bxc2 Nxc2 41. e4 Bc4 42. Kh2 Ba2 43. Nc3 Bxc3 44. Bxc3 Ne3 45. Kg1 Bc4 46. Bd4
Nc2 47. Bc3 h5 48. f4 Bd3 49. e5 Bf5 50. Kf2 Kf8 51. Kf3 Ke8 52. Ke2 Kd7 53.
Kf3 Kc6 54. Ke2 Kd5 55. Kf2 Ke4 56. Ba5 Nd4 57. Bb6 Nc6 58. Be3 Ne7 59. Ba7 Ng8
60. Be3 Nh6 61. Ba7 Kd3 62. Kg1 Ng4 63. Bf2 Ke2 64. Bb6 Kf3 65. Ba5 Kxg3 66.
Bd2 Kxh4 67. Be1+ Kh3 68. Bd2 Nh6 69. Kf2 Kg4 70. Kg2 Ng8 71. Be3 f6 72. Bd2
fxe5 73. fxe5 Be6 74. Bc3 Ne7 75. Bb2 Ng6 76. Bc3 h4 77. Bb2 h3+ 78. Kh2 Nh4
79. Bc3 Nf3+ 80. Kh1 Kg3 81. Bb2 Bd5 82. e6 Ne1+ 83. Kg1 h2+ 84. Kf1 h1=Q+ 85.
Ke2 Qf3+ 86. Kd2 Bxe6 87. Be5+ Kg2 88. Bc7 Bf5 89. Bb6 Qd3+ 90. Kxe1 Bg4 0-1

[Event "Championnat de France des Jeunes - Cadet"]
[Site "MONTLUCON"]
[Date "2011.04.24"]
[Round "9.11"]
[White "Briatte, Coline"]
[Black "Colin, Phanie"]
[Result "1/2-1/2"]
[WhiteElo "1570"]
[BlackElo "1647"]
[PlyCount "74"]

1. d4 Nf6 2. Nc3 g6 3. e4 d5 4. e5 Ng4 5. Be2 Nh6 6. Be3 Bg7 7. Qd2 Nf5 8.
O-O-O e6 9. g4 Nxe3 10. Qxe3 Nd7 11. Kb1 c5 12. Bb5 cxd4 13. Bxd7+ Bxd7 14.
Qxd4 Qc7 15. f4 a6 16. Nf3 Rc8 17. h4 h5 18. Rhg1 Qc4 19. g5 b5 20. Qxc4 Rxc4
21. Rd4 O-O 22. Rgd1 Rfc8 23. Rxc4 Rxc4 24. Rd4 Bf8 25. Rxc4 bxc4 26. Nd4 Bc5
27. Nce2 Kf8 28. c3 Ke8 29. Kc1 Kd8 30. Kd2 Kc7 31. Ke3 Ba4 32. Kd2 Kb6 33. Kc1
a5 34. Kd2 Bb5 35. Ke3 Be8 36. Kd2 a4 37. a3 Bd7 1/2-1/2

[Event "Championnat de France des Jeunes - Cadet"]
[Site "MONTLUCON"]
[Date "2011.04.24"]
[Round "9.12"]
[White "Sadoune, Emilie"]
[Black "Airoldi, Lea"]
[Result "1-0"]
[WhiteElo "1539"]
[BlackElo "1490"]
[PlyCount "49"]

1. e4 e6 2. d4 d5 3. Nd2 c5 4. c3 Nc6 5. Ngf3 Qb6 6. exd5 exd5 7. Qe2+ Be7 8.
Nb3 cxd4 9. Nbxd4 Bg4 10. h3 Nxd4 11. cxd4 Bxf3 12. Qxf3 Bb4+ 13. Kd1 Qxd4+ 14.
Bd3 Nf6 15. a3 Bxa3 16. Rxa3 Ne4 17. Re1 O-O 18. Re2 Rac8 19. Be3 Qe5 20. Bxa7
Rfe8 21. Bxe4 dxe4 22. Qb3 Qh2 23. g4 Red8+ 24. Rd2 Qxf2 25. Bxf2 1-0